000 00308nam a22000977a 4500
008 150722b xxu||||| |||| 00| 0 eng d
010 _8HCCRSARF:035
245 _aHIGH COURT CRIMINAL SESSION NO.115 OF 1976 Uganda Vs Matiya Makumu
260 _aHigh Court Kampala
500 _3BEFORE: Hon. Mr. Justice F.K. Butagira
999 _c8045
_d8045